[Event "TCh-CHN"]
[Site "Shanghai CHN"]
[Date "2010.07.26"]
[Round "9"]
[White "Zhai Mo"]
[Black "Hou Yifan"]
[Result "0-1"]
[WhiteElo "2110"]
[BlackElo "2570"]

1.e4 c5 2.Nf3 d6 3.d4 cxd4 4.Nxd4 Nf6 5.Nc3 Nc6 6.Be2 g6 7.Bg5 Bg7 8.Nb3 a6
9.a4 Be6 10.O-O O-O 11.f3 Rc8 12.Kh1 Re8 13.Qd2 Na5 14.Nd4 Bd7 15.Rfd1 Qb6
16.Rab1 Qc5 17.Na2 Qc7 18.Nb4 Qd8 19.Bf1 Nc4 20.Bxc4 Rxc4 21.e5 dxe5 22.Nb3 Qc8
23.Bxf6 exf6 24.Nd5 Bf5 25.Qa5 Qc6 26.Nb4 Qc7 27.Qxc7 Rxc7 28.Na5 b6 29.Nd5 Rxc2
30.Nxb6 Re2 31.Re1 Bxb1 32.Rxe2 f5 33.Nbc4 Bd3 34.Re3 e4 35.fxe4 fxe4 36.b4 Bd4
37.Nc6 Bxe3 38.Nxe3 f5 39.g3 Kf7 40.Kg2 Rc8 41.Ne5+ Ke6 42.Nxd3 exd3 43.Kf2 Rc2+  0-1

[Event "5th FIDE GP w"]
[Site "Ulaanbaatar MGL"]
[Date "2010.08.10"]
[Round "10"]
[White "Hou Yifan"]
[Black "Munguntuul,B"]
[Result "1-0"]
[WhiteElo "2577"]
[BlackElo "2421"]

1.e4 c5 2.Nf3 e6 3.d4 cxd4 4.Nxd4 Nf6 5.Nc3 d6 6.Be3 Be7 7.f4 O-O 8.Be2 Nc6
9.Qd2 e5 10.Nb3 a5 11.a4 Be6 12.f5 Bxb3 13.cxb3 Nxe4 14.Nxe4 d5 15.f6 Bb4
16.Nc3 d4 17.fxg7 Re8 18.Bc4 dxe3 19.Qxe3 Qd4 20.Qf3 Re7 21.Rf1 Qf4 22.Qh3 Qe4+
23.Kf2 Bc5+ 24.Kg3 Qg6+ 25.Qg4 Kxg7 26.Ne4 Qxg4+ 27.Kxg4 Bd4 28.Rf6 Rg8 29.Raf1 Kh8+
30.Kh3 Nd8 31.Bxf7 Nxf7 32.Rxf7 Rxf7 33.Rxf7 Rg7 34.Rf8+ Rg8 35.Rxg8+ Kxg8
36.Kg4 Kf7 37.Kf5 Ke7 38.g4 Kd7 39.Nf6+ Kc6 40.Nxh7 Kc5 41.g5 Bxb2 42.Nf6 Bc1
43.h4 Kb4 44.h5  1-0

[Event "TCh-CHN"]
[Site "Guangzhou CHN"]
[Date "2010.09.10"]
[Round "10"]
[White "Hou Yifan"]
[Black "Shen Yang"]
[Result "1-0"]
[WhiteElo "2570"]
[BlackElo "2444"]

1.e4 e5 2.Nf3 Nc6 3.Bb5 Nf6 4.d4 exd4 5.e5 Ne4 6.O-O Be7 7.Nxd4 a6 8.Nxc6 bxc6
9.Bd3 Nc5 10.Qg4 g6 11.Bh6 d5 12.Qg3 Rb8 13.b3 Nxd3 14.cxd3 c5 15.Nc3 Bf5
16.Rac1 Qd7 17.Na4 Qb5 18.Rfd1 Be6 19.Bg7 Rg8 20.Bf6 Bf8 21.h3 g5 22.h4 g4
23.d4 c4 24.Nc3 Qb4 25.bxc4 Qxc4 26.Bg5 Rg6 27.Ne4 Qxa2 28.h5 Rxg5 29.Nxg5 Bh6
30.Nxe6 fxe6 31.Rxc7 Qe2 32.Rf1  1-0

[Event "TCh-CHN"]
[Site "Guangzhou CHN"]
[Date "2010.09.11"]
[Round "11"]
[White "Ding Yixin"]
[Black "Hou Yifan"]
[Result "0-1"]
[WhiteElo "2315"]
[BlackElo "2570"]

1.e4 c5 2.Nf3 Nc6 3.d4 cxd4 4.Nxd4 g6 5.Be3 Nf6 6.Nc3 Bg7 7.Be2 O-O 8.O-O d5
9.exd5 Nb4 10.Nb3 Bf5 11.Nd4 Bc8 12.Nb3 Nbxd5 13.Nxd5 Nxd5 14.Bd4 e5 15.Bc5 Re8
16.Bb5 Bd7 17.Bxd7 Qxd7 18.c4 Nf6 19.Qxd7 Nxd7 20.Rad1 Nxc5 21.Nxc5 Rec8
22.Nxb7 Rxc4 23.Rd7 Rac8 24.Rfd1 Rd4 25.Kf1 Rxd1+ 26.Rxd1 Rc2 27.Rd8+ Bf8
28.Ra8 Rxb2 29.Rxa7 Bb4 30.f3 Bc3 31.Nd8 Bd4 32.Rxf7 Rf2+ 33.Ke1 Rxa2 34.g4 Bc3+
35.Kf1 Rd2 36.Rc7 Ba5 37.Rc5 Bxd8 38.Rxe5 Bc7 39.Re4 Bxh2 40.f4 Kf7 41.Ra4 Bg3
42.Ra7+ Kf6 43.Ra6+ Kg7 44.Ra7+ Kh6 45.f5 Bh4 46.Rf7 Rd4 47.Kg2 Rxg4+ 48.Kh3 Ra4
49.fxg6 hxg6  0-1

[Event "TCh-CHN"]
[Site "Guangzhou CHN"]
[Date "2010.10.13"]
[Round "13"]
[White "Cai Jiaying"]
[Black "Hou Yifan"]
[Result "0-1"]
[WhiteElo "2068"]
[BlackElo "2570"]

1.e4 c5 2.Nf3 Nc6 3.d4 cxd4 4.Nxd4 Nf6 5.Nc3 d6 6.Be2 g6 7.O-O Bg7 8.Be3 O-O
9.Nb3 a5 10.a4 Be6 11.Nd4 Nxd4 12.Bxd4 Rc8 13.Rc1 h5 14.Kh1 Bd7 15.f4 Bc6
16.Bf3 Re8 17.Re1 e5 18.Be3 exf4 19.Bxf4 Qb6 20.Rb1 Rcd8 21.Qd3 Nd7 22.Nd5 Bxd5
23.Qxd5 Be5 24.Be3 Qc7 25.c3 b6 26.Rf1 Nc5 27.Bg5 Rc8 28.Bd1 Bxh2 29.Bc2 Be5
30.Rf3 Ne6 31.Be3 Re7 32.Rbf1 Kg7 33.Bb3 f6 34.Qb5 Nc5 35.Bd5 Rb8 36.Bd4 Nd7
37.Bc6 Rf7 38.Bd5 Rff8 39.b4 axb4 40.Qxb4 Nc5 41.Rb1 Qa7 42.Bc6 Qe7 43.Rbf1 Qe6
44.Bd5 Qe7 45.Bxc5 dxc5 46.Qb5 Rfd8 47.Qb3 Rd6 48.a5 Qa7 49.axb6 Rdxb6 50.Qd1 Rb2
51.Bc4 Qe7 52.Rd3 R2b7 53.Qc2 f5 54.Rh3 f4 55.Rd1 Qg5 56.Qa4 Qg4 57.Bf1 Rb1
58.Qd7+ Qxd7 59.Rxd7+ Kf6 60.Kg1 Rc1 61.Rdd3 Rbb1 62.Rhf3 c4  0-1

[Event "TCh-CHN"]
[Site "Guangzhou CHN"]
[Date "2010.10.14"]
[Round "14"]
[White "Hou Yifan"]
[Black "Zhang Xiaowen"]
[Result "1/2-1/2"]
[WhiteElo "2570"]
[BlackElo "2437"]

1.e4 e6 2.d4 d5 3.Nd2 c5 4.exd5 Qxd5 5.Ngf3 cxd4 6.Bc4 Qd8 7.O-O a6 8.Nb3 Nc6
9.Nbxd4 Nxd4 10.Nxd4 Bd6 11.Re1 Qc7 12.b3 Ne7 13.Qh5 Qc5 14.Qxc5 Bxc5 15.Be3 b6
16.c3 Bb7 17.Rad1 Rc8 18.Bf4 Bxd4 19.cxd4 b5 20.Bd3 Bd5 21.Bd6 Kd7 22.Bc5 h5
23.h4 f6 24.f3 Rce8 25.Ra1 Ra8 26.a4 Bxb3 27.axb5 axb5 28.Bxb5+ Nc6 29.Reb1 Bd5
30.Bd3 Rxa1 31.Rxa1 g5 32.hxg5 fxg5 33.Rb1 Kc7 34.Ba6 Rb8 35.Rxb8 Nxb8 36.Bd3 Nc6
37.Bg6 h4 38.Bf7 Kd7 39.Kh2 Ne7 40.Kh3 Nf5 41.Bh5 Ng3 42.Bg4 Ne2 43.Bb4 Nf4+
44.Kh2 Bc4 45.Kg1 Ke8 46.Kh2 Kf7 47.Bd2 Kf6 48.Ba5 Kg6 49.Bc7 Bd5 50.Be5 Ne2
51.Kh3 Ng1+ 52.Kh2 Ne2 53.Kh3 Ng1+ 54.Kh2  1/2-1/2

[Event "TCh-CHN"]
[Site "Guangzhou CHN"]
[Date "2010.10.15"]
[Round "15"]
[White "Hou Yifan"]
[Black "Le Thanh Tu"]
[Result "1-0"]
[WhiteElo "2570"]
[BlackElo "2318"]

1.e4 c6 2.d4 d5 3.Nc3 dxe4 4.Nxe4 Bf5 5.Ng3 Bg6 6.h4 h6 7.Nf3 Nd7 8.h5 Bh7
9.Bd3 Bxd3 10.Qxd3 e6 11.Bd2 Ngf6 12.O-O-O Be7 13.Kb1 O-O 14.Ne4 c5 15.g4 Nxg4
16.Qe2 Qb6 17.Ne5 Ngxe5 18.dxe5 Nxe5 19.Rhg1 Kh8 20.Bc3 f6 21.f4 Nc6 22.Rxg7 Rad8
23.Rdg1 Nd4 24.Bxd4 cxd4 25.Qg4 Ba3 26.Rh7+  1-0

[Event "TCh-CHN"]
[Site "Beijing CHN"]
[Date "2010.11.02"]
[Round "16"]
[White "Huang Qian"]
[Black "Hou Yifan"]
[Result "0-1"]
[WhiteElo "2439"]
[BlackElo "2570"]

1.d4 e6 2.c4 Nf6 3.Nf3 b6 4.g3 Bb4+ 5.Bd2 c5 6.Bg2 Bb7 7.O-O O-O 8.Qb3 Qe7
9.Bg5 cxd4 10.Bxf6 gxf6 11.Nxd4 Bxg2 12.Kxg2 Nc6 13.Nxc6 dxc6 14.Qf3 Rac8
15.Nc3 f5 16.Rfd1 Rfd8 17.a3 Bd6 18.e4 fxe4 19.Nxe4 Be5 20.Rab1 c5 21.Re1 Bg7
22.Nc3 Rd4 23.b3 Qf6 24.Qxf6 Bxf6 25.Ne4 Bg7 26.g4 Rcd8 27.g5 h6 28.h4 Kh7
29.Kf3 hxg5 30.hxg5 Kg6 31.Kg4 Rd3 32.f3 R8d4 33.Kf4 Rd2 34.a4 Bf8 35.Kg3 Bd6+
36.Kh3 Rh2+ 37.Kg4 Be7 38.Kg3 Rh8 39.Rh1 Rxh1 40.Rxh1 Bxg5 41.Rh8 Rd8 42.Rxd8 Bxd8
43.Kf2 f5 44.Nc3 Kf6 45.Ke3 Ke5 46.Ne2 a6 47.f4+ Kd6 48.Kd3 Bf6 49.Ng3 Ke7
50.Ke3 Kf7 51.Ne2 e5 52.fxe5 Bxe5 53.Nc1 Kf6 54.Nd3 Bd6 55.Kf3 Kg5 56.Nf2 Bc7
57.Nd1 Kf6 58.Nc3 Ke5 59.Nd5 Bd8 60.Ke3 a5 61.Kf3 Kd4 62.Kf4 Kd3 63.Kxf5 Kc2
64.Ke4 Kxb3 65.Kd3 Kxa4 66.Kc2 Ka3 67.Kc3 Ka4 68.Kc2 Bh4 69.Kc3 Be1+ 70.Kc2 b5
71.cxb5 Kxb5 72.Nf4 Bf2 73.Ne2 Kc4 74.Nc3 Bd4 75.Ne4 a4 76.Nd6+ Kb4 77.Ne4 a3
78.Kb1 Kb3 79.Nd2+ Kc3 80.Ne4+ Kd3 81.Ng5 c4 82.Nf3 Bc3 83.Ka2 Ke3 84.Ng5 Bb4
85.Nf7 c3  0-1

[Event "TCh-CHN"]
[Site "Beijing CHN"]
[Date "2010.11.03"]
[Round "17"]
[White "Hou Yifan"]
[Black "Zhao Xue"]
[Result "1/2-1/2"]
[WhiteElo "2570"]
[BlackElo "2490"]

1.e4 e5 2.Nf3 Nc6 3.Bb5 a6 4.Ba4 Nf6 5.O-O Be7 6.Re1 b5 7.Bb3 d6 8.c3 O-O
9.h3 Nb8 10.d4 Nbd7 11.Nbd2 Bb7 12.Bc2 Re8 13.Nf1 Bf8 14.Ng3 g6 15.b3 Bg7
16.d5 Rc8 17.Bd2 a5 18.a4 bxa4 19.Rxa4 c6 20.c4 Ra8 21.Qa1 cxd5 22.cxd5 Qc7
23.Rc1 Rec8 24.Rxa5 Nxd5 25.exd5 e4 26.Nd4 Rxa5 27.Bxa5 Bxd4 28.Bxc7 Bxa1
29.Rxa1 Rxc7 30.Bxe4 f5 31.Bxf5 gxf5 32.Nxf5 Nb6 33.Nxd6 Bxd5 34.Nf5 Be6
35.Ra6 Bxf5  1/2-1/2

[Event "TCh-CHN"]
[Site "Beijing CHN"]
[Date "2010.11.04"]
[Round "18"]
[White "Zhai Mo"]
[Black "Hou Yifan"]
[Result "0-1"]
[WhiteElo "2110"]
[BlackElo "2570"]

1.e4 c5 2.Nf3 d6 3.d4 cxd4 4.Nxd4 Nf6 5.Nc3 a6 6.Be2 e6 7.f4 Qc7 8.O-O Be7
9.Kh1 O-O 10.a4 Nc6 11.Be3 Re8 12.Bf3 Bf8 13.g4 Nxd4 14.Bxd4 e5 15.Bf2 exf4
16.Bh4 Be7 17.g5 Nd7 18.Bh5 Ne5 19.Nd5 Qd8 20.Rxf4 Bxg5 21.Bxg5 Qxg5 22.Qg1 Qxg1+
23.Rxg1 Rf8 24.Rd1 Be6 25.b3 Bxd5 26.Rxd5 Rfd8 27.c4 Rac8 28.Rf2 g6 29.Bd1 Kf8
30.Rc2 Rc5 31.Be2 a5 32.Kg2 Ke7 33.Kg3 Rdc8 34.Rcd2 Rxd5 35.Rxd5 Rc5 36.Kf4 Rxd5
37.cxd5 Kf6 38.h4 Nd7 39.Bf3 Nc5 40.Bd1 h6 41.Bc2 b6 42.Bd1 g5+ 43.hxg5+ hxg5+
44.Ke3 Ke5  0-1

[Event "1st CHN-w Masters"]
[Site "Jiangsu Wuxi CHN"]
[Date "2011.04.16"]
[Round "1"]
[White "Hou Yifan"]
[Black "Zhang Xiaowen"]
[Result "1-0"]
[WhiteElo "2602"]
[BlackElo "2344"]

1.e4 e6 2.d4 d5 3.Nc3 Nf6 4.e5 Nfd7 5.f4 c5 6.Nf3 Nc6 7.Ne2 Qb6 8.c3 Be7
9.g3 cxd4 10.cxd4 f6 11.a3 O-O 12.Bg2 Na5 13.O-O Qb3 14.Qe1 Nc4 15.Nc3 Nb8
16.f5 fxe5 17.fxe6 Bxe6 18.Nxe5 Rxf1+ 19.Kxf1 Bf6 20.Ng4 Kf7 21.Nxf6 gxf6
22.Bf3 Nd6 23.Qf2 Nc6 24.Kg1 Ne7 25.Bf4 Nc4 26.Bh5+ Ng6 27.Bg5 f5 28.Re1 Re8
29.Nxd5 Nxb2 30.Rxe6 Kxe6 31.Nc7+ Kd7 32.Nxe8 Kxe8 33.Qxf5 Nd3 34.Qc8+ Kf7
35.Qf5+ Ke8 36.Be2 Qb1+ 37.Bf1  1-0

[Event "1st CHN-w Masters"]
[Site "Jiangsu Wuxi CHN"]
[Date "2011.04.17"]
[Round "2"]
[White "Hou Yifan"]
[Black "Shen Yang"]
[Result "1-0"]
[WhiteElo "2602"]
[BlackElo "2443"]

1.e4 e5 2.Nc3 Nf6 3.g3 Bc5 4.Bg2 Nc6 5.Nge2 a6 6.d3 d6 7.O-O Be6 8.Nd5 Ba7
9.Bg5 Bxd5 10.exd5 Ne7 11.Nc3 Nd7 12.Kh1 O-O 13.Qd2 h6 14.Be3 Qb8 15.Rae1 Ng6
16.f4 Bxe3 17.Rxe3 Re8 18.Ne4 exf4 19.gxf4 f5 20.Bh3 Nh4 21.Qc3 Kf7 22.Rfe1 Qd8
23.Nxd6+ cxd6 24.Rxe8 Qxe8 25.Rxe8 Rxe8 26.Kg1 Re2 27.d4 Nf6 28.Qg3 g5 29.fxg5 hxg5
30.Kf1 Rd2 31.Qxg5 Rd1+ 32.Ke2 Re1+ 33.Kd3 Rd1+ 34.Ke2 Re1+ 35.Kd3 Rd1+ 36.Kc4 Rxd4+
37.Kb3 Nf3 38.Qxf5 Nd2+ 39.Kc3 Rxd5 40.Qe6+ Kg6 41.Qxd5 Nxd5+ 42.Kxd2 b6
43.c4 Ne7 44.b4 Kf6 45.Kc3 Ke5 46.Bg2 a5 47.h4 Kf4 48.h5 Kg5 49.Bf3 Nf5 50.bxa5 bxa5
51.Kb2 Nd4 52.Bd1 Nc6 53.Kb3 Nb4 54.Be2 d5 55.c5 d4 56.a3 Nc6 57.Kc4  1-0

[Event "1st CHN-w Masters"]
[Site "Jiangsu Wuxi CHN"]
[Date "2011.04.18"]
[Round "3"]
[White "Huang Qian"]
[Black "Hou Yifan"]
[Result "1/2-1/2"]
[WhiteElo "2394"]
[BlackElo "2602"]

1.d4 e6 2.c4 Nf6 3.Nc3 Bb4 4.Qc2 d5 5.a3 Bxc3+ 6.Qxc3 Ne4 7.Qc2 c5 8.dxc5 Nc6
9.e3 Qa5+ 10.Bd2 Nxd2 11.Qxd2 dxc4 12.Bxc4 Qxc5 13.Rc1 Qe7 14.Nf3 O-O 15.Bd3 Rd8
16.Qc2 h6 17.O-O Bd7 18.Qc5 Rac8 19.Qxe7 Nxe7 20.Be4 Bc6 21.Bxc6 Nxc6 22.Rfd1 Kf8
23.Kf1 Rxd1+ 24.Rxd1 Na5 25.b4 Nc4 26.Rd7 Rb8 27.Rc7 Nd6 28.Rd7 Nc4 29.Rc7 Nd6
30.Rd7 Nc4 31.Rc7 Nd6 32.Rd7 Nc4  1/2-1/2

[Event "1st CHN-w Masters"]
[Site "Jiangsu Wuxi CHN"]
[Date "2011.04.19"]
[Round "4"]
[White "Hou Yifan"]
[Black "Ju Wenjun"]
[Result "1-0"]
[WhiteElo "2602"]
[BlackElo "2519"]

1.e4 c5 2.Nf3 d6 3.d4 cxd4 4.Nxd4 Nf6 5.Nc3 a6 6.Be2 e5 7.Nb3 Be7 8.Bg5 Be6
9.Bxf6 Bxf6 10.Qd3 Nc6 11.O-O-O Qb6 12.Qxd6 Be7 13.Nd5 Bxd5 14.Qxd5 O-O 15.Qd2 Qxf2
16.Bc4 Qxd2+ 17.Nxd2 Rac8 18.Kb1 b5 19.Bd5 Rc7 20.Nf3 Rfc8 21.Rhf1 Bf6 22.c3 h5
23.Rf2 Na5 24.Nd2 Nb7 25.Nf1 Nd6 26.Ne3 a5 27.a3 Rb8 28.Rd3 Bh4 29.Rf1 g6
30.g4 hxg4 31.Nxg4 Kg7 32.Nxe5 Re8 33.Nc6 Nxe4 34.Nxa5 f5 35.Nb3 Nc5 36.Nxc5 Rxc5
37.Bf3 Kf6 38.Kc2 g5 39.h3 Rce5 40.Bg4 f4 41.Rfd1 R8e7 42.Rd6+ Kg7 43.R1d5 Re3
44.Rd7 Rxd7 45.Rxd7+ Kf6 46.Rd6+ Ke7 47.Rd5 f3 48.Rd3 Rxd3 49.Kxd3 f2 50.Be2 Kd6
51.Ke4 Kc5 52.Kf3 Kb6 53.Bf1 Ka5 54.b3 Kb6 55.b4 Kc6 56.Kg4 Kb6 57.c4 bxc4
58.Bxc4 f1=Q 59.Bxf1 Kc6 60.a4 Kc7 61.a5 Kb7 62.b5 Ka7 63.Bg2  1-0

[Event "1st CHN-w Masters"]
[Site "Jiangsu Wuxi CHN"]
[Date "2011.04.20"]
[Round "5"]
[White "Wang Yu A"]
[Black "Hou Yifan"]
[Result "1/2-1/2"]
[WhiteElo "2398"]
[BlackElo "2602"]

1.e4 c5 2.Nf3 e6 3.d4 cxd4 4.Nxd4 Nf6 5.Nc3 d6 6.g4 h6 7.h4 a6 8.Rg1 d5 9.exd5 Nxd5
10.Nxd5 Qxd5 11.Be3 Be7 12.h5 Nd7 13.Bg2 Qc4 14.Qe2 Ne5 15.Qxc4 Nxc4 16.Bc1 Bf6
17.c3 Rb8 18.b3 Ne5 19.Be4 b5 20.f4 Nd7 21.Be3 Bb7 22.Bxb7 Rxb7 23.Ke2 Nb6
24.Rac1 Nd5 25.c4 bxc4 26.Rxc4 Kd7 27.Rgc1 g6 28.hxg6 fxg6 29.Kf3 Rf8 30.Ne2 g5
31.Rd1 gxf4 32.Bxf4 Bg5 33.Kg3 Ke7 34.Bxg5+ hxg5 35.Re4 Nf6 36.Re5 Rb5 37.Re3 Nd5
38.Re4 Nf6 39.Re3 Nd5 40.Re4 Nf6  1/2-1/2

[Event "1st CHN-w Masters"]
[Site "Jiangsu Wuxi CHN"]
[Date "2011.04.22"]
[Round "6"]
[White "Hou Yifan"]
[Black "Gu Xiaobing"]
[Result "1-0"]
[WhiteElo "2602"]
[BlackElo "2369"]

1.e4 c5 2.Ne2 Nf6 3.Nbc3 d6 4.g3 g6 5.Bg2 Bg7 6.d3 Nc6 7.h3 Rb8 8.Be3 b5
9.Qd2 O-O 10.O-O b4 11.Nd1 e5 12.f4 Nd4 13.f5 Nh5 14.Bf2 gxf5 15.exf5 Nxe2+
16.Qxe2 Nf6 17.g4 h6 18.Bh4 Bb7 19.Ne3 d5 20.g5 hxg5 21.Bxg5 Re8 22.Ng4 Qd6
23.Nxf6+ Bxf6 24.Bh6 e4 25.Qh5 Be5 26.Rf4 Bxf4 27.Qg4+ Qg6 28.fxg6 Bxh6 29.gxf7+ Kxf7
30.Rf1+ Ke7 31.Qh4+  1-0

[Event "1st CHN-w Masters"]
[Site "Jiangsu Wuxi CHN"]
[Date "2011.04.23"]
[Round "7"]
[White "Ding Yixin"]
[Black "Hou Yifan"]
[Result "1-0"]
[WhiteElo "2376"]
[BlackElo "2602"]

1.e4 c5 2.Nf3 d6 3.d4 cxd4 4.Nxd4 Nf6 5.Nc3 a6 6.Be2 e6 7.O-O Be7 8.f4 Qc7
9.a4 O-O 10.Kh1 Nc6 11.Be3 Re8 12.Qe1 Nxd4 13.Bxd4 e5 14.fxe5 dxe5 15.Qg3 Bd8
16.Be3 Kh8 17.Bg5 Be6 18.Rf2 Qb6 19.Rd1 Qxb2 20.Rxd8 Raxd8 21.Rxf6 Rc8 22.Nd1 Qxc2
23.Rf2 Qxe4 24.h4 f6 25.Be3 f5 26.Bd2 Qxa4 27.Bc3 f4 28.Qg5 Qd7 29.Bxe5 Bf5
30.Qxf4 Rc5 31.Bc3 Be6 32.Bg4 h5 33.Qh6+ Kg8 34.Bxg7  1-0

[Event "1st CHN-w Masters"]
[Site "Jiangsu Wuxi CHN"]
[Date "2011.04.24"]
[Round "8"]
[White "Hou Yifan"]
[Black "Tan Zhongyi"]
[Result "1-0"]
[WhiteElo "2602"]
[BlackElo "2428"]

1.e4 e5 2.Nc3 Nf6 3.g3 Bb4 4.Bg2 O-O 5.Nge2 d6 6.h3 c6 7.d4 exd4 8.Qxd4 Bc5
9.Qd1 Re8 10.O-O Na6 11.g4 Be6 12.Bg5 Qe7 13.Qc1 h6 14.Bh4 Bc4 15.Re1 d5
16.exd5 cxd5 17.Qd2 Qd6 18.Ng3 Qb6 19.b3 Bb4 20.a3 Ba5 21.b4 Nxb4 22.axb4 Bxb4
23.Reb1 a5 24.Na4 Qc6 25.c3 Be7 26.Nb6 Rad8 27.Nxc4 Qxc4 28.Nf5 Bc5 29.Re1  1-0

[Event "1st Chinese Celebrity"]
[Site "Shenzhen CHN"]
[Date "2011.06.12"]
[Round "2"]
[White "Hou Yifan"]
[Black "Li Chao2"]
[Result "1-0"]
[WhiteElo "2612"]
[BlackElo "2656"]

1.e4 c5 2.Ne2 Nc6 3.d4 cxd4 4.Nxd4 Nf6 5.Nc3 d6 6.Bg5 e6 7.Qd2 a6 8.O-O-O Bd7
9.f4 b5 10.Bxf6 gxf6 11.Kb1 b4 12.Nce2 Qb6 13.g3 a5 14.Bg2 Rc8 15.Rhe1 Be7
16.Nxc6 Qxc6 17.f5 e5 18.g4 h5 19.h3 Qc5 20.Nc1 Qb6 21.Bf3 a4 22.gxh5 Bf8
23.Nd3 Rc4 24.Qf2 Rd4 25.Rg1 Bh6 26.Nc1 Ke7 27.Rd3 Rc8 28.Rgd1 Qc7 29.Rxd4 exd4
30.Nd3 Be3 31.Qh2 Qc4 32.Qe2 Bb5 33.Nc1 Qc7 34.Qg2 b3 35.axb3 axb3 36.Nxb3 Qa7
37.e5 dxe5 38.Bd5 Kd6 39.Be4 Bc4 40.Qg7 Ke7 41.Qg2 Rc5 42.Bd3 Bd5 43.Be4 Bxb3
44.cxb3 Ra5 45.Kc2 Qc5+ 46.Kb1 Qa7 47.Kc2 Ra2 48.Bd3 Qc5+ 49.Bc4 Qa5 50.Qb7+ Kd6
51.b4 Qa4+ 52.Bb3 Qa6 53.Qd5+ Kc7 54.Qxf7+ Kb8 55.Qf8+ Kc7 56.Qc5+ Kd8 57.Qd5+ Ke7
58.Qc5+ Kd8 59.b5 Qa5 60.Qd5+ Ke7 61.Bxa2  1-0

[Event "1st Chinese Celebrity"]
[Site "Shenzhen CHN"]
[Date "2011.06.13"]
[Round "4"]
[White "Hou Yifan"]
[Black "Zhou Jianchao"]
[Result "1/2-1/2"]
[WhiteElo "2612"]
[BlackElo "2636"]

1.e4 c5 2.Ne2 d6 3.g3 Nf6 4.Bg2 e6 5.c3 d5 6.e5 Nfd7 7.d4 Nc6 8.O-O Be7 9.Be3 O-O
10.Nf4 Qb6 11.b3 Rd8 12.Qd3 Nf8 13.Nd2 cxd4 14.cxd4 Bd7 15.a3 a5 16.h4 Rac8
17.Rfc1 Nb8 18.a4 Na6 19.Qe2 Nb4 20.Qd1 Qa7 21.Bf1 Rc6 22.Nd3 Rdc8 23.Nxb4 Bxb4
24.Nf3 Rxc1 25.Rxc1 Rxc1 26.Qxc1 Qb8 27.h5 Qc8 28.Qxc8 Bxc8 29.h6 Be7 30.hxg7 Kxg7
31.Nh2 Ng6 32.Be2 f6 33.exf6+ Kxf6 34.Ng4+ Kf7 35.f4 Bd7 36.Kg2 Bd6 37.Ne5+ Nxe5
38.fxe5 Bb4 39.Kf3 Be8 40.Bg5 Kg8 41.Bd3 Bg6 42.Bxg6 hxg6 43.Be3  1/2-1/2

[Event "Rostov Women GP"]
[Site "Rostov-on-Don RUS"]
[Date "2011.08.02"]
[Round "1"]
[White "Koneru,H"]
[Black "Hou Yifan"]
[Result "0-1"]
[WhiteElo "2614"]
[BlackElo "2575"]

1.d4 e6 2.c4 Nf6 3.Nc3 Bb4 4.e3 O-O 5.Ne2 d5 6.a3 Be7 7.cxd5 exd5 8.Nf4 c6
9.Bd3 a5 10.O-O Na6 11.Bc2 Nc7 12.f3 c5 13.Na4 Na6 14.Nc3 Nc7 15.Qe2 b5 16.dxc5 Bxc5
17.Rd1 Ba6 18.Qf2 Bb7 19.Bd2 Re8 20.Nce2 Ne6 21.Nd3 Bb6 22.Nd4 Rc8 23.Bc3 Ba6
24.Kh1 Rc4 25.Bb3 Rc7 26.Rac1 b4 27.Nxe6 Rxe6 28.Bxf6 Rxf6 29.Rxc7 Bxc7 30.axb4 axb4
31.f4 Bc4 32.Qc2 Bxb3 33.Qxb3 Rb6 34.Nc5 h6 35.Rxd5 Qh4 36.h3 Qe1+ 37.Kh2 Rg6
38.Qc2 Qxe3 39.Nd3 Bb6 40.Nc5 Qxf4+ 41.Kh1 Qf1+  0-1

[Event "16th ECC w"]
[Site "Rogaska Slatina SLO"]
[Date "2011.09.30"]
[Round "6.3"]
[White "Bojkovic,N"]
[Black "Hou Yifan"]
[Result "1-0"]
[WhiteElo "2378"]
[BlackElo "2578"]

1.e4 c5 2.Nf3 d6 3.d4 cxd4 4.Qxd4 Nc6 5.Bb5 Bd7 6.Qd3 g6 7.O-O Bg7 8.c4 Nf6
9.Nc3 O-O 10.h3 a6 11.Bxc6 Bxc6 12.Be3 Rb8 13.Nd4 Nd7 14.Rfd1 Nc5 15.Qc2 Bd7
16.Rac1 Rc8 17.Qe2 Qe8 18.Nb3 Na4 19.Nxa4 Bxa4 20.Bd4 f6 21.Rd3 Bd7 22.Rdd1 Be6
23.Nd2 b5 24.c5 dxc5 25.Rxc5 Qd7 26.Nb3 Bc4 27.Qc2 Qe6 28.Rxc8 Rxc8 29.Be3 Bxb3
30.Qxb3 Qxb3 31.axb3 Kf7 32.Rd7 f5 33.exf5 gxf5 34.Bg5 Bf6 35.Bxf6 Rc1+ 36.Kh2 Kxf6
37.Ra7 Rc6 38.f4 h6 39.Kg3 Rd6 40.Kh4 e5 41.fxe5+ Kxe5 42.Re7+ Kd4 43.Rf7 Ke4
44.Re7+ Kd3 45.Rf7 Rd5 46.Ra7 Rd6 47.Rf7 Ke4 48.Re7+ Kf4 49.Rf7 Ke5 50.Re7+ Kf6
51.Ra7 Re6 52.Kh5 Re2 53.Rxa6+ Ke5 54.g3 Rxb2 55.Rxh6 Rxb3 56.Rb6 Ke4 57.h4 Rxg3
58.Rxb5 f4 59.Rb4+ Ke3 60.Rb3+ Kf2 61.Rb2+ Kg1 62.Kh6 f3 63.h5 f2 64.Rb1+ Kg2
65.Kh7 Kh3 66.Rf1 Rg2 67.h6 Kh4 68.Kh8 Kg5 69.Kg7 Kh5+ 70.Kf6  1-0

[Event "16th ECC w"]
[Site "Rogaska Slatina SLO"]
[Date "2011.10.01"]
[Round "7.1"]
[White "Hou Yifan"]
[Black "Dzagnidze,N"]
[Result "1-0"]
[WhiteElo "2578"]
[BlackElo "2525"]

1.e4 c5 2.Nf3 d6 3.d4 cxd4 4.Nxd4 Nf6 5.Nc3 a6 6.f4 e5 7.Nf3 Nbd7 8.a4 Be7
9.Bc4 O-O 10.O-O b6 11.Kh1 Bb7 12.Qe2 h6 13.Nh4 Nxe4 14.Nf5 Nef6 15.fxe5 Nxe5
16.Bf4 Qc7 17.Bb3 Rae8 18.Qd2 Nh7 19.Bxh6 gxh6 20.Qxh6 Bf6 21.Rf4 Bc8 22.Ne4 Qd8
23.Nexd6 Bxf5 24.Nxf5 Re6 25.Rh4 Ng5 26.Rh5 Qd2 27.Ne7+ Rxe7 28.Qxf6 Nh7
29.Qf5  1-0

[Event "Chinese League"]
[Site "Qingdao CHN"]
[Date "2011.10.26"]
[Round "13"]
[White "Shen Yang"]
[Black "Hou Yifan"]
[Result "1/2-1/2"]
[WhiteElo "2443"]
[BlackElo "2602"]

1.d4 Nf6 2.c4 e6 3.Nf3 b6 4.g3 Bb4+ 5.Bd2 c5 6.Bxb4 cxb4 7.Bg2 Bb7 8.O-O O-O
9.a3 Qe7 10.Qb3 Nc6 11.Nbd2 bxa3 12.Qxa3 Nb4 13.Rac1 Ne4 14.Nxe4 Bxe4 15.Ne5 Bxg2
16.Kxg2 a5 17.Nd3 Rfc8 18.Rfd1 Kf8 19.Nxb4 Qxb4 20.Qxb4+ axb4 21.Rd3 d5 22.Rb3 Ra4
23.c5 bxc5 24.dxc5 Ke7 25.Kf3 Kd7 26.e4 Kc6 27.exd5+ exd5 28.Ke3 Re8+ 29.Kd3 Re6
30.f3 h5 31.Kd2 Rh6 32.Ke3 h4 33.Kf4 hxg3 34.Kxg3 Re6 35.Kf2 Re5 36.Rc2 g6
37.Kg3 Re1 38.Kf4 Re8 39.Kg5 Re5+ 40.Kf4 Rh5 41.Kg3 Rg5+ 42.Kf4 Rh5 43.Kg3 Rh8
44.Re3 Ra7 45.h4 Rb8 46.Kf4 Rb5 47.Re8 Rc7 48.Ke3 Rxc5 49.Rxc5+ Kxc5 50.Kd3 Kd6
51.h5 gxh5 52.Rh8 Rc1 53.Rxh5 Rd1+ 54.Kc2 Rf1 55.Rf5 Ke6 56.Rf4 f5 57.Rxb4 Rxf3
58.Rb8 f4 59.b4 Ra3 60.b5 Kd6 61.b6 Ra2+ 62.Kd3 Rb2 63.b7 Kc7 64.Rf8 Rb3+
65.Kc2 Rxb7 66.Rxf4 Kd6  1/2-1/2

[Event "Chinese League"]
[Site "Qingdao CHN"]
[Date "2011.10.27"]
[Round "14"]
[White "Hou Yifan"]
[Black "Pham Le Thao Nguyen"]
[Result "1-0"]
[WhiteElo "2602"]
[BlackElo "2349"]

1.e4 e5 2.Bc4 Nf6 3.d3 Bc5 4.Nf3 d6 5.c3 O-O 6.Bb3 h6 7.Nbd2 Nc6 8.h3 d5
9.O-O Re8 10.Re1 Be6 11.Ba4 dxe4 12.dxe4 Bd7 13.Nf1 a6 14.Ng3 b5 15.Bb3 Na5
16.Bc2 Bf8 17.Nh2 Qe7 18.Ng4 Nxg4 19.hxg4 Rad8 20.Qf3 g6 21.Nf1 Be6 22.b3 Nb7
23.g3 c6 24.Kg2 Nc5 25.b4 Nd7 26.Ne3 Bg7 27.Rh1 Nf6 28.Qe2 Rd6 29.a4 Red8
30.axb5 axb5 31.f3 Qb7 32.Qf2 Ra8 33.Bb2 Rxa1 34.Rxa1 Nd7 35.Rh1 Qa8 36.Ra1 Qb7
37.Nf1 Nb6 38.Bc1 Rd8 39.Nd2 Ra8 40.Rxa8+ Nxa8 41.Nb3 Bc4 42.Na5 Qa6 43.Qc5 Nc7
44.Qxc6 Qxc6 45.Nxc6 Kf8 46.Be3 Ke8 47.Bb6 Na6 48.Na5 Be6 49.Kf2 Bf6 50.Bd3 Bd7
51.Be3 h5 52.gxh5 gxh5 53.Kf1 Be7 54.Bf2 Bg5 55.Ke2 Nc7 56.Nb3 Bc6 57.Be3 Bf6
58.Na1 Kd7 59.Nc2 Bb7 60.Bb6 Ba6 61.Na3 Ne6 62.Bf2 Kc6 63.Bc2 Be7 64.Bb3 Nd8
65.Bd5+ Kc7 66.Kd3 Bg5 67.Kc2 Bh6 68.Kb3 Bg5 69.c4 bxc4+ 70.Nxc4 f6 71.Ka4 Bc8
72.b5 Nb7 73.b6+ Kb8 74.Kb5 Bh3 75.Bxb7 Kxb7 76.Na5+ Kb8 77.Bc5 Bd7+ 78.Ka6 Bc8+
79.b7 Bxb7+ 80.Nxb7 Kc7 81.Na5 h4 82.gxh4 Bxh4 83.Kb5 Kd7 84.Kc4 Ke6 85.Kd3 f5
86.Nc4  1-0

[Event "WCh w"]
[Site "Tirana ALB"]
[Date "2011.11.23"]
[Round "7"]
[White "Hou Yifan"]
[Black "Koneru,H"]
[Result "1-0"]
[WhiteElo "2578"]
[BlackElo "2600"]

1.e4 e5 2.Nf3 Nc6 3.Bb5 a6 4.Ba4 Nf6 5.O-O Be7 6.Re1 b5 7.Bb3 d6 8.c3 O-O
9.h3 Qd7 10.d4 Re8 11.Nbd2 Bf8 12.a3 Bb7 13.d5 Ne7 14.Nf1 Ng6 15.N3h2 c6
16.Bg5 Be7 17.dxc6 Bxc6 18.Ng3 Nf4 19.Bxf6 Bxf6 20.Nh5 Qe7 21.Qf3 Bg5 22.Rad1 Ne6
23.Ng4 Rf8 24.Ne3 Bxe3 25.Qxe3 Rad8 26.Ng3 g6 27.Rd2 h5 28.Qh6 Nf4 29.Ne2 Qf6
30.Nxf4 exf4 31.Rd3 Rfe8 32.Rf3 Rd7 33.Rxf4 Qg7 34.Qg5 Re5 35.Qg3 Rde7 36.Rd1 g5
37.Rf5 Bxe4 38.Rxe5 Qxe5 39.Rxd6 Qxg3 40.fxg3 Bb7 41.Kf2 Kg7 42.Bd1 h4 43.gxh4 gxh4
44.Rd4 Be4 45.Bf3 Bxf3 46.Kxf3 Re1 47.Rxh4 Rb1 48.Rb4 Kf6 49.Ke3 Ke5 50.Re4+ Kd5
51.Rd4+ Ke5 52.Rd2 f5 53.Kd3 Kf4 54.Rf2+ Kg3 55.Rxf5 Rxb2 56.Rg5+ Kh4 57.Rg6 a5
58.Rg4+ Kh5 59.Re4 Kg6 60.Re2 Rb3 61.Ra2 b4 62.axb4 axb4 63.Rc2 Ra3 64.Kd4 bxc3
65.Rxc3 Ra2 66.Rg3+ Kh5 67.Ke3 Ra3+ 68.Kf2 Ra2+ 69.Kg1 Ra1+ 70.Kh2 Ra2 71.Rd3 Ra5
72.Rd4 Rb5 73.h4 Rb3 74.g3 Rb1 75.Kh3 Rh1+ 76.Kg2 Ra1 77.Rd5+ Kh6 78.Kh3 Ra3
79.Re5 Ra4 80.Re3 Ra6 81.g4 Ra1 82.Re6+ Kg7 83.h5 Rh1+ 84.Kg3 Kh7 85.Kf4 Rf1+
86.Kg5 Rf7 87.h6 Ra7 88.Kh5 Ra5+ 89.g5 Rb5 90.Re7+ Kg8 91.Kg6 Rb6+ 92.Kf5 Rb5+
93.Kf6 Rb6+ 94.Re6 Rb8 95.g6 Kh8 96.Re5 Ra8 97.Kg5  1-0

[Event "Sportaccord WMG Rapid w"]
[Site "Beijing CHN"]
[Date "2011.12.09"]
[Round "2"]
[White "Cramling,P"]
[Black "Hou Yifan"]
[Result "1/2-1/2"]
[WhiteElo "2495"]
[BlackElo "2578"]

1.d4 Nf6 2.Nf3 e6 3.c4 d5 4.Nc3 Bb4 5.Bg5 h6 6.Bxf6 Qxf6 7.Qb3 c5 8.cxd5 exd5
9.a3 Bxc3+ 10.Qxc3 Nd7 11.e3 O-O 12.dxc5 Qxc3+ 13.bxc3 Nxc5 14.Nd4 Bd7 15.c4 dxc4
16.Bxc4 Rac8 17.O-O b6 18.Rfc1 Rc7 19.Bb5 Bxb5 20.Nxb5 Rd7 21.Nd4 Rfd8 22.Rab1 g6
23.g3 Kg7 24.Rc4 Rd5 25.a4 R8d7 26.Rb5 R5d6 27.a5 Ne6 28.axb6 axb6 29.Kg2 Kf6
30.Rcb4 Rb7 31.Nxe6 Kxe6 32.h4 h5 33.Re4+ Kd7 34.Rc4 Rc7 35.Rf4 Kc6 36.Rb2 Rcd7
37.Rc4+ Kb7 38.Rcb4 Rf6 39.Ra2 Rd5 40.Rba4 Kc6 41.Ra7 Rdd6 42.Rc2+ Kb5 43.Rb2+ Kc6
44.Rc2+ Kb5 45.Rb2+ Kc6 46.Rc2+ Kb5 47.Rb2+ Kc6  1/2-1/2